|
|
|
|
| LEADER |
00000nam0a2200000 4500 |
| 001 |
236759 |
| 005 |
20231101231508.0 |
| 010 |
|
|
|a 5060007774
|
| 035 |
|
|
|a (RuTPU)RU\TPU\book\257926
|
| 090 |
|
|
|a 236759
|
| 100 |
|
|
|a 20130430d1990 k y0rusy50 ca
|
| 101 |
0 |
|
|a rus
|
| 102 |
|
|
|a RU
|
| 105 |
|
|
|a a z 001zy
|
| 200 |
1 |
|
|a Физика машинной памяти
|f М. Г. Мнеян
|
| 210 |
|
|
|a Москва
|c Высшая школа
|d 1990
|
| 215 |
|
|
|a 144 с.
|c ил.
|
| 225 |
1 |
|
|a Библиотека будущего инженера
|
| 225 |
1 |
|
|a Физика и научно-технический прогресс
|
| 320 |
|
|
|a Библиогр.: с. 140-141.
|
| 606 |
1 |
|
|a Вычислительные машины электронные
|x Запоминающие устройства
|2 stltpush
|3 (RuTPU)RU\TPU\subj\4097
|9 32405
|
| 610 |
1 |
|
|a память
|
| 610 |
1 |
|
|a информация
|
| 610 |
1 |
|
|a мозг
|
| 610 |
1 |
|
|a магнитные устройства
|
| 610 |
1 |
|
|a полупроводниковые устройства
|
| 610 |
1 |
|
|a оптические устройства
|
| 610 |
1 |
|
|a функциональная электроника
|
| 610 |
1 |
|
|a сверхпроводниковые устройства
|
| 610 |
1 |
|
|a проблемы
|
| 610 |
1 |
|
|a перспективы
|
| 675 |
|
|
|a 681.327.2
|v 3
|
| 700 |
|
1 |
|a Мнеян
|b М. Г.
|g Мирон Григорьевич
|
| 801 |
|
1 |
|a RU
|b 63413507
|c 20130430
|
| 801 |
|
2 |
|a RU
|b 63413507
|c 20150908
|g RCR
|
| 942 |
|
|
|c BK
|